000 00450nam a22001577a 4500
999 _c18066
_d18066
003 OSt
005 20230403170246.0
008 230403b ||||| |||| 00| 0 eng d
040 _c0
100 _aBurgos, Nestor Jr. P.
_948354
245 _aGo beyond Taipei, PH tourists asked /
_cNestor P. Burgos Jr.
260 _aPhilippines :
_bPhilippine Daily Inquirer,
_cAugust 16, 2019.
300 _a2 pages.
650 _aTourism.
_948355
942 _2ddc
_cPER